000 01105nam a22003137a 4500
003 CHAP
005 20220329140947.0
008 971013s r 00010 d
010 _a60497
011 _a61469
035 _a65635
040 _cCHAP
090 _aR-3780
100 0 0 _aPalacios Chávez, Rodolfo.
_984808
245 1 _aEstudio palinológico de las floras fósiles del mioceno inferior y principios del mioceno medio de la región de Pichucalco, Chiapas, México
500 _aSobretiro de : Acta Botánica Mexicana 24 : 1-96, 1993
590 _aBATCH-UPD
_b10
_c20130110
_lUCH01
_h0446
590 _aBATCH-UPD
_b10
_c20130110
_lUCH01
_h2257
590 _aBATCH-UPD
_b10
_c20130410
_lUCH01
_h0122
590 _aBATCH-UPD
_b10
_c20130410
_lUCH01
_h1550
590 _aBATCH-UPD
_b10
_c20130914
_lUCH01
_h0734
590 _aCONVERSION
_b10
_c20130109
_lUCH01
_h1332
650 1 4 _aBotánica
_zChiapas.
_914639
650 1 4 _aPaleobotánica
_xChiapas.
_984897
700 0 _aRzedowski Rotter, Jerzy.
_9101052
901 _aBK
942 _cREIMP
949 _aR-3780
_bBC
_cR
_d33724000638995
_eTS1
_i65635
_si
999 _c60497
_d60497